000 01038cam a2200313 a 4500
001 000010565
005 20200929162241.0
008 960612m1995 sp b 000 0 spa d
020 _a8475064329 (obra completa)
020 _a8489794448 (t. 2)
040 _aDO-SdBNP
_cDLC
082 _a868.5
_bV162ó
100 1 _aValera, Juan,
_d1824-1905.
_q(Juan Valera y Alcalá-Galiano)
_925632
240 1 0 _aWorks.
_f1995
245 1 0 _aObras completas /
_cJuan Valera.
260 _aMadrid :
_bTurner,
_bFundación José Antonio de Castro,
_c1995.
300 _av. ;
_c23 cm.
490 1 _aBiblioteca Castro
504 _aIncluye referencias bibliográficas.
500 _aLa biblioteca posee el volumen 1
505 1 _aCuentos. Narraciones inacabadas. Traducciones
650 4 _aCuentos españoles
_93194
650 4 _aTeatro español
_93071
650 4 _aTraducciones
_925633
650 4 _aLiteratura española
_ySIGLO XIX
_93067
830 0 _aBiblioteca Castro ;
_912631
910 _aCatalogación por copia / LC
049 _aBNGR
999 _c10323
_d10323